000 00446pab a2200133 454500
008 180718b xxu||||| |||| 00| 0 eng d
100 _aPietrobelli Carlo
245 _aTechnological capabilities at the national level: an international comparison of manufacturing export performance
362 _a12(2), Jun 1994, p.115-48
650 _a Industrialisation
650 _aIndustrial Management
773 _aDevelopment Policy Review
909 _a27883
999 _c27883
_d27883